Central Library OPAC University of Rajshahi

Othello / (Record no. 18286)

MARC details
000 -LEADER
fixed length control field 00818mam a2200265 i 4500
001 - CONTROL NUMBER
control field 18286
003 - CONTROL NUMBER IDENTIFIER
rucl marc code BD-RjUL
005 - DATE AND TIME OF LATEST TRANSACTION
control field 20211209000249.0
008 - FIXED-LENGTH DATA ELEMENTS--GENERAL INFORMATION
fixed length control field 140220r19581962enk 000 d eng d
035 ## - SYSTEM CONTROL NUMBER
System control number (OCoLC)ocm05081737
System control number (BD-RjUL)18344
040 ## - CATALOGING SOURCE
Original cataloging agency MUU
Transcribing agency MUU
Language of cataloging eng
Modifying agency BD-RjUL
041 ## - LANGUAGE CODE
Language code of text/sound track or separate title eng
082 00 - DEWEY DECIMAL CLASSIFICATION NUMBER
Classification number 822.33
Author mark and year SHO 1962
100 1# - MAIN ENTRY--PERSONAL NAME
Personal name Shakespeare, William,
Dates associated with a name 1564-1616.
9 (RLIN) 56290
245 10 - TITLE STATEMENT
Title Othello /
Statement of responsibility, etc. edited by M. R. Ridley.
250 ## - EDITION STATEMENT
Edition statement 7th ed., rev.
260 ## - PUBLICATION, DISTRIBUTION, ETC. (IMPRINT)
Place of publication, distribution, etc. London :
Name of publisher, distributor, etc. Methuen,
Date of publication, distribution, etc. 1958 [Reprinted 1962, 1965].
300 ## - PHYSICAL DESCRIPTION
Pagination lxx, 246 p. ;
Size 22 cm.
490 1# - SERIES STATEMENT
Series statement Arden edition of the works of William Shakespeare
Series statement Arden Shakespeare
600 #0 - SUBJECT ADDED ENTRY--PERSONAL NAME
Personal name Shakespeare, William,
Dates associated with a name 1564-1616.
700 1# - ADDED ENTRY--PERSONAL NAME
Personal name Ridley, M. R.
Fuller form of name (Maurice Roy),
Dates associated with a name 1890-
942 ## - ADDED ENTRY ELEMENTS (KOHA)
Source of classification or shelving scheme Dewey Decimal Classification
Koha item type Books
Holdings
Lost status Source of classification or shelving scheme Damaged status Not for loan Collection code Permanent Location Current Location Shelving location Date acquired Source of acquisition Cost, normal purchase price Total Checkouts Full call number Date last seen Copy number Koha item type
  Dewey Decimal Classification     Fiction Central Library, University of Rajshahi Central Library, University of Rajshahi Reading Room 08/12/1962 Zeitlinger 18.00   822.33 SHO 1959 20/02/2014 C-6 Books
  Dewey Decimal Classification     Fiction Central Library, University of Rajshahi Central Library, University of Rajshahi Reading Room 18/02/1963 Zeitlinger 21.00   822.33 SHO 1962 20/02/2014 C-2 Books
  Dewey Decimal Classification     Fiction Central Library, University of Rajshahi Central Library, University of Rajshahi   18/02/1963 Zeithlinger. 21.00   822.33 SHO 1962 23/02/2014 C-3 Books
  Dewey Decimal Classification     Fiction Central Library, University of Rajshahi Central Library, University of Rajshahi   13/04/1964 Zeithlinger. 21.00   822.33 SHO 1962 23/02/2014 C-8 Books
  Dewey Decimal Classification   Not For Loan Fiction Central Library, University of Rajshahi Central Library, University of Rajshahi Reading Room 18/04/1967 Blackwell 25.00   822.33 SHO 1965 05/10/2020 C-1 Books
  Dewey Decimal Classification     Fiction Central Library, University of Rajshahi Central Library, University of Rajshahi   13/04/1964 Zeitlinger 21.00   822.33 SHO 1962 05/10/2020 C-4 Books
  Dewey Decimal Classification     Fiction Central Library, University of Rajshahi Central Library, University of Rajshahi   13/04/1964 Zeitlinger 21.00   822.33 SHO 1962 05/10/2020 C-5 Books